|
|
|
|
| LEADER |
00000cam a2200000 a 4500 |
| 001 |
vtls001453945 |
| 003 |
SK-MaSNL |
| 005 |
20260301073209.0 |
| 008 |
240318s2001 xo a g 000 p slo |
| 015 |
|
|
|a SNBA2003/07-02169
|
| 020 |
|
|
|a 8088797063
|
| 035 |
|
|
|a SNK000409252
|
| 035 |
|
|
|a urn:nbn:sk:snk-am3hpfa
|
| 035 |
|
|
|a 745839B0-ABE4-4639-A676-61FBD46C9618
|
| 035 |
|
|
|a urn:nbn:sk:snk-am00cu73
|
| 040 |
|
|
|a SNK
|b slo
|c SNK
|e AACR2
|
| 041 |
1 |
|
|a slo
|h cze
|h chi
|
| 044 |
|
|
|a xo
|c SK
|
| 072 |
|
7 |
|a 821.58
|x Sino-tibetské literatúry
|2 konspekt
|
| 080 |
|
|
|a 821.581.11-1
|2 1997
|
| 080 |
|
|
|a 821.162.3-1
|2 1997
|
| 100 |
1 |
|
|a Stočes, Ferdinand,
|d 1926-
|4 aut
|9 83694
|
| 245 |
1 |
0 |
|a Perlový záves
|c [prebásnil] Ferdinand Stočes ; [preklad Emanuel Boháč ; ilustrácie: Oldrich Majda]
|
| 250 |
|
|
|a [1. vyd.]
|
| 260 |
|
|
|a Košice
|b Pezolt
|c 2001
|
| 300 |
|
|
|a 166 s.
|b ilustr.
|c 7x7,5 cm
|
| 490 |
1 |
|
|a Klenoty
|v zv. 15
|
| 500 |
|
|
|a Ilustr. na front. a predsádkach
|
| 650 |
0 |
7 |
|a čínska literatúra
|2 SNKPH
|9 1583
|
| 655 |
|
7 |
|a básne
|2 SNKPH
|9 86731
|
| 700 |
1 |
|
|a Boháč, Emanuel,
|d 1923-2016
|4 trl
|9 183464
|
| 700 |
1 |
|
|a Majda, Oldrich,
|d 1930-2006
|4 ill
|9 193705
|
| 830 |
|
0 |
|a Klenoty
|9 279029
|
| 919 |
|
|
|a 80-88797-06-3
|
| 958 |
|
|
|a LX
|
| 958 |
|
|
|a UP
|
| 958 |
|
|
|a NS
|
| 968 |
|
|
|a Čes
|b CH
|d 821
|
| 999 |
|
|
|c 643444
|d 645374
|
| 952 |
|
|
|t P60, <03>, [BOOK], {603}
|a SNK
|b SNK
|y PREZ
|7 0
|p 17A0385092
|o snkSE 10400
|i snkKSP 6598/2003
|0 0
|1 0
|4 0
|d 2003-05-28
|f 1
|l 0
|r 2005-01-02 00:00:00
|w 2026-02-23
|
| 952 |
|
|
|t P60, <04>, [BOOK], {604}
|a SNK
|b SNK
|y VYP
|7 0
|p 17A0385093
|o snkSE 10400 D1
|i snkKSP 6599/2003
|0 0
|1 0
|4 0
|d 2003-05-28
|l 0
|r 2005-01-02 00:00:00
|w 2026-02-23
|